00567nam a2200121Ia 45000010005000000080041000050820020000461000061000662450228001272600048003559010027004039990015004303049241024s9999 xx 000 0 und d aRD/618.07/R426g aRepública Dominicana.Ministerio de Educación. MINERD 0aGuión General : Para la formación de formadores que desarrollaran la capacitación en las Regionales, Distritos y Centros Educativos para la Implementación del Proyecto Educando en la Prevención del ITS, VHI y SIDA bSanto Domingo, República Dominicanac2013 a23/7/2013 9:22:07 a.m. c8057d8057